Island or Liqueur? Quiz Stats

 Plays Quiz Updated Aug 3, 2018

Score 0/30 Timer 02:30
3 Plays Today
Hint (I)sland or (L)iqueur % Correct
Tobago???
92.9%
Grand Cayman???
92%
Corfu???
91.5%
Sambuca???
91.3%
Mykonos???
90.3%
Barbuda???
90.1%
Ibiza???
89.8%
Guadeloupe???
89.5%
Amaretto???
89.4%
Majorca???
89.2%
Drambuie???
87.8%
Chambord???
86.2%
KahlĂșa???
86%
Cointreau???
86%
Grand Marnier ???
85.1%
Hint (I)sland or (L)iqueur % Correct
Capri???
83.7%
PrĂ­ncipe???
83%
Midori???
81.7%
Frangelico???
80.3%
Campari???
78.9%
Shikoku???
78.3%
Galliano???
76.7%
Tia Maria???
76.5%
Mindanao???
74.6%
Padre???
70.8%
Advocaat???
70.7%
Rarotonga???
65%
Pastis???
57.1%
Lipari???
54.1%
Cynar???
42.4%

You're not logged in!

Compare scores with friends on all Sporcle quizzes.
OR
Log In

Sporcle TV

Today on Sporcle TV


Watch our educational content, quiz creation guides, and fun videos on Sporcle TV.

Show Comments

Extras

Top Quizzes Today


Score Distribution

Your Account Isn't Verified!

In order to create a playlist on Sporcle, you need to verify the email address you used during registration. Go to your Sporcle Settings to finish the process.

Report this User

Report this user for behavior that violates our Community Guidelines.

Details: